| 000 | 00487nam a2200205Ia 4500 | ||
|---|---|---|---|
| 003 | OSt | ||
| 005 | 20230505133826.0 | ||
| 008 | 210423s2006 xx 000 0 und d | ||
| 020 | _a8176489816 | ||
| 040 | _cAL | ||
| 041 | _aeng | ||
| 082 | _a660.60581 JAYN | ||
| 100 |
_aJAYABALAN (N). _998725 |
||
| 245 | _aPlant biotechnology. | ||
| 260 |
_aNew Delhi _bKing Books _c2006 |
||
| 300 |
_axvi,370 _bPB |
||
| 365 |
_b995 _cINR |
||
| 906 | _abiotechnology. ; Plant | ||
| 942 |
_2ddc _cBK |
||
| 999 |
_c163345 _d163345 |
||